| 000 | 00440nam a22001457a 4500 | ||
|---|---|---|---|
| 999 |
_c60538 _d60538 |
||
| 005 | 20230815165616.0 | ||
| 008 | 230815s1966 it ||||| |||| 00| 0 ita d | ||
| 041 | _aita | ||
| 080 | _a008(38) +7.032(38) T-97 | ||
| 245 |
_aTutto su Atene Classica: _bPanorama di una civiltà / _cFrancesco Adorno. |
||
| 264 |
_aFirenze, _c1966. |
||
| 300 |
_a302 p.: _bill.; _c35 cm. |
||
| 653 | _aათენის პანორამა | ||
| 942 |
_2udc _cBK |
||